Zabudnutí Slováci zo života našich krajanov v Rumunsku

Podrobná bibliografia
Hlavný autor: Čavojská, Jana 1980- (Autor)
Médium: Článok
Jazyk:slovenčina
ISSN:1335-8316
Predmet:

MARC

LEADER 00000nab a2200000 a 4500
001 vtls008629961
003 SK-MaSNL
005 20260304133655.0
008 250505c2005 xo |||| | | 000 b|slo
015 |a SNBRB2006/03  |2 snkbucl 
035 |a (uuid)1bd4d0fa-3ef0-45de-a935-16a0d9f0d9c2 
035 |a urn:nbn:sk:snk-ab9afa 
035 |a (urnnbn)urn:nbn:sk:snk:ar-a084k7 
038 |a SNKBUCL 
040 |a SNKBUCL  |b slo  |c SNKBUCL  |e AACR2 
041 0 |a slo 
044 |a xo  |c SK 
080 |a 323.15  |x (=162.4)  |x (498)  |2 1997 
080 |a 908  |x (=162.4)  |x (498)  |2 1997 
100 1 |a Čavojská, Jana  |d 1980-  |4 aut  |9 368241 
245 1 0 |a Zabudnutí Slováci  |b zo života našich krajanov v Rumunsku  |c Jana Čavojská 
650 0 7 |a Slováci  |z Rumunsko  |2 snkbucl  |9 316537 
651 7 |a Rumunsko  |2 snkbucl  |9 17409 
773 0 |t História  |g Roč. 5, č. 5 (2005), s. 38-39  |x 1335-8316 
850 |a Slovenská národná knižnica 
852 |a Slovenská národná knižnica 
954 |a odborná, vedecká literatúra pôvodná (slovenská)  |2 lita 
958 |a article13 
958 |a OND 
958 |a RO 
958 |a EUIPO 
999 |c 2903031  |d 2904961